书目信息 |
| 题名: |
天然气输配工程
|
|
| 作者: | 严铭卿 , 廉乐明 著 | |
| 分册: | ||
| 出版信息: | 北京 中国建筑工业出版社 2005.07 |
|
| 页数: | 491页 | |
| 开本: | 27cm | |
| 丛书名: | ||
| 单 册: | ||
| 中图分类: | TE83 | |
| 科图分类: | ||
| 主题词: | 天然气输送--tian ran qi shu song | |
| 电子资源: | ||
| ISBN: | 7-112-07334-0 | |
| 000 | 00875nam0 2200241 450 | |
| 001 | 012007625374 | |
| 005 | 20120330134326.92 | |
| 010 | @a7-112-07334-0@b精装@dCNY80.00 | |
| 100 | @a20070726d2005 km y0chiy0120 ea | |
| 101 | 0 | @achi |
| 102 | @aCN@b110000 | |
| 105 | @aa a 000yy | |
| 200 | 1 | @a天然气输配工程@Atian ran qi shu pei gong cheng@f严铭卿, 廉乐明等著@Fyan ming qing,lian yue ming deng zhu |
| 210 | @a北京@c中国建筑工业出版社@d2005.07 | |
| 215 | @a491页@c图@d27cm | |
| 320 | @a有书目。 | |
| 330 | @a本书主要内容是天然气输配系统即天然气工业下游部分;同时列有适当章节系统地讲述了上游气源和中游长输管线及地下储气库的基本内容,以给出关于天然气工业系统的全面知识。 | |
| 606 | 0 | @a天然气输送@Atian ran qi shu song |
| 690 | @aTE83@v4 | |
| 701 | 0 | @a严铭卿@Ayan ming qing@4著 |
| 701 | 0 | @a廉乐明@Alian yue ming@4著 |
| 801 | 0 | @aCN@c20070929 |
| 905 | @dTE83@eY057 | |
| 天然气输配工程/严铭卿, 廉乐明等著.-北京:中国建筑工业出版社,2005.07 |
| 491页:图;27cm |
| ISBN 7-112-07334-0(精装):CNY80.00 |
| 本书主要内容是天然气输配系统即天然气工业下游部分;同时列有适当章节系统地讲述了上游气源和中游长输管线及地下储气库的基本内容,以给出关于天然气工业系统的全面知识。 |
| ● |
| 相关链接 |
|
|
|
正题名:天然气输配工程
索取号:TE83/Y057
 
预约/预借
| 序号 | 登录号 | 条形码 | 馆藏地/架位号 | 状态 | 备注 |
| 1 | 249473 | 202494737 | 自科库501/ [索取号:TE83/Y057] | 在馆 | |
| 2 | 486169 | 204861694 | 能源与建筑环境工程学院资料室/ [索取号:TE83/Y057] | 在馆 | |
| 3 | 486170 | 204861701 | 能源与建筑环境工程学院资料室/ [索取号:TE83/Y057] | 在馆 | |
| 4 | 486221 | 204862210 | 能源与建筑环境工程学院资料室/ [索取号:TE83/Y057] | 在馆 |